Missing Word: Famous UK Men (A-Z) Quiz Stats

 Plays Quiz Updated Feb 19, 2019

     
Support Sporcle.
Go Orange.
Score 0/22 Timer 03:00
1 Play Today
Hint Answer % Correct
D ______ BeckhamDavid
97.5%
M ______ JaggerMick
96.6%
P_______ McCartneyPaul
96.3%
F ______ MercuryFreddie
96.1%
C ______ FirthColin
96.1%
I _______ McKellenIan
95.5%
S ______ HawkingStephen
94.9%
O ______ OsbourneOzzy
94.8%
H ______ Mountbatten-WindsorHarry
86.9%
R ______ DahlRoald
84.5%
L ______ GallagherLiam
83.2%
Hint Answer % Correct
K ______ BranaghKenneth
81.9%
W ______ RooneyWayne
74.3%
G ______ GreeneGraham
66.2%
Q _______ BlakeQuentin
65.9%
T ______ Berners-LeeTim
65.2%
E ______ ElgarEdward
60.3%
A ______ SugarAlan
58.9%
N ______ MansellNigel
57.9%
B ______ RussellBertrand
54.3%
J _______ GallianoJohn
46.7%
V ______ FuchsVivian
14%

Today's Daily Dose

From the Vault

Capital Presidents

by Jsb6da

History 60s
Naming your state capital after a president isn't very creative, but those names do have a certain ring to them.
Remove Ads.
Support Sporcle.
Get the best of Sporcle when you Go Orange. This ad-free experience offers more features, more stats, and more fun while also helping to support Sporcle. Thank you for becoming a member.

Show Comments

Extras

Top Quizzes Today


Score Distribution

Your Account Isn't Verified!

In order to create a playlist on Sporcle, you need to verify the email address you used during registration. Go to your Sporcle Settings to finish the process.

Report this User

Report this user for behavior that violates our Community Guidelines.

Details: